<?xml version="1.0" encoding="UTF-8"?><marc:collection xmlns:marc="http://www.loc.gov/MARC21/slim">
  <marc:record>
    <marc:leader>00000nam  2200000za 4500</marc:leader>
    <marc:controlfield tag="001">9.835771</marc:controlfield>
    <marc:controlfield tag="003">CaOODSP</marc:controlfield>
    <marc:controlfield tag="005">20221107150737</marc:controlfield>
    <marc:controlfield tag="007">cr |||||||||||</marc:controlfield>
    <marc:controlfield tag="008">170803s1974    oncab   ob   f000 0 eng d</marc:controlfield>
    <marc:datafield tag="040" ind1=" " ind2=" ">
      <marc:subfield code="a">CaOODSP</marc:subfield>
      <marc:subfield code="b">eng</marc:subfield>
    </marc:datafield>
    <marc:datafield tag="043" ind1=" " ind2=" ">
      <marc:subfield code="a">n-cn-ab</marc:subfield>
      <marc:subfield code="a">n-cn-mb</marc:subfield>
      <marc:subfield code="a">n-cn-on</marc:subfield>
    </marc:datafield>
    <marc:datafield tag="086" ind1="1" ind2=" ">
      <marc:subfield code="a">NH17-116/1974E-PDF</marc:subfield>
    </marc:datafield>
    <marc:datafield tag="245" ind1="0" ind2="0">
      <marc:subfield code="a">Information package </marc:subfield>
      <marc:subfield code="h">[electronic resource] : </marc:subfield>
      <marc:subfield code="b">comprehensively planned detached housing developments / </marc:subfield>
      <marc:subfield code="c">Architectural and Planning Division, Central Mortgage and Housing Corporation.</marc:subfield>
    </marc:datafield>
    <marc:datafield tag="246" ind1="3" ind2="0">
      <marc:subfield code="a">Comprehensively planned detached housing developments</marc:subfield>
    </marc:datafield>
    <marc:datafield tag="260" ind1=" " ind2=" ">
      <marc:subfield code="a">[Ottawa] : </marc:subfield>
      <marc:subfield code="b">Central Mortgage and Housing Corporation, </marc:subfield>
      <marc:subfield code="c">1974.</marc:subfield>
    </marc:datafield>
    <marc:datafield tag="300" ind1=" " ind2=" ">
      <marc:subfield code="a">63 p. in various pagings : </marc:subfield>
      <marc:subfield code="b">ill., maps</marc:subfield>
    </marc:datafield>
    <marc:datafield tag="500" ind1=" " ind2=" ">
      <marc:subfield code="a">Cover title.</marc:subfield>
    </marc:datafield>
    <marc:datafield tag="500" ind1=" " ind2=" ">
      <marc:subfield code="a">"May 1974"--p. 2.</marc:subfield>
    </marc:datafield>
    <marc:datafield tag="500" ind1=" " ind2=" ">
      <marc:subfield code="a">Digitized edition from print produced 2015 [for Canada Mortgage and Housing Corporation].</marc:subfield>
    </marc:datafield>
    <marc:datafield tag="520" ind1=" " ind2=" ">
      <marc:subfield code="a">“This paper describes four comprehensively planned developments that have been completed recently: Greenfield Estates - Edmonton, Alberta; HUDAC, Mark VIII Houses - Winnipeg, Manitoba; Central Park - Bramalea, Ontario; Beacon Hill North Courthouses - Ottawa, Ontario. These projects are not intended to represent ideal examples of this form of development but rather they have been selected as an indication of the variety of approaches that can be employed in terms of the physical layout, scale and form of tenure. Though in the strict sense of the definition the housing structures in two of these projects are not completely detached it is felt for all intents and purposes they can be considered as a form of detached housing. The brief description and analysis provided for each project is based on information provided from our Branch office. It is hoped this material will serve as a useful reference to both proponents and reviewers of future comprehensively planned developments by providing opportunity to assess the advantages and disadvantages of some existing solutions and we look forward to receiving any comments individuals may have on this material"--Introd., p. 2.</marc:subfield>
    </marc:datafield>
    <marc:datafield tag="692" ind1="0" ind2="7">
      <marc:subfield code="2">gccst</marc:subfield>
      <marc:subfield code="a">Housing</marc:subfield>
    </marc:datafield>
    <marc:datafield tag="692" ind1="0" ind2="7">
      <marc:subfield code="2">gccst</marc:subfield>
      <marc:subfield code="a">Design</marc:subfield>
    </marc:datafield>
    <marc:datafield tag="710" ind1="2" ind2=" ">
      <marc:subfield code="a">Central Mortgage and Housing Corporation (Canada).</marc:subfield>
      <marc:subfield code="b">Architectural and Planning Division.</marc:subfield>
    </marc:datafield>
    <marc:datafield tag="710" ind1="2" ind2=" ">
      <marc:subfield code="a">Canada Mortgage and Housing Corporation.</marc:subfield>
    </marc:datafield>
    <marc:datafield tag="856" ind1="4" ind2="0">
      <marc:subfield code="q">PDF</marc:subfield>
      <marc:subfield code="s">4.74 MB</marc:subfield>
      <marc:subfield code="u">https://publications.gc.ca/collections/collection_2017/schl-cmhc/nh17/NH17-116-1974-eng.pdf</marc:subfield>
    </marc:datafield>
  </marc:record>
</marc:collection>
